000 00209nmm a2200085Ia 4500
008 220120s9999||||xx |||||||||||||||||und||
100 _aWP Publishers
_911024
245 0 _aInside C#
260 _aWP publishers
_c2010
999 _c139558
_d139558